[Event "GER CM02-C email"]
[Site "GER email"]
[Date "2015.06.25"]
[Round "?"]
[White "Bekemann, Uwe"]
[Black "Rosen, Leif"]
[Result "1/2-1/2"]
[WhiteElo "2289"]
[BlackElo "2370"]
[PlyCount "43"]
[EventDate "2015.??.??"]
[EventType "tourn (corr)"]
[EventRounds "11"]
[EventCountry "GER"]
[SourceTitle "Corr 2017"]
[Source "ChessBase"]
[SourceDate "2017.09.19"]
[SourceVersion "1"]
[SourceVersionDate "2017.09.19"]
[SourceQuality "1"]

1. e4 c5 2. Nf3 d6 3. d4 cxd4 4. Nxd4 Nf6 5. Nc3 a6 6. Be3 e5 7. Nb3 Be6 8. f3 Be7 9. Qd2 0-0 10. 0-0-0 Nbd7 11. g4 b5 12. g5 b4 13. Ne2 Ne8 14. f4 a5 15. f5 Bxb3 16. cxb3 a4 17. bxa4 Rxa4 18. Kb1 Rxa2 19. Nc1 Ra8 20. Bc4 Qa5 21. Na2 Nc5 22. Qxb4 1/2-1/2

[Event "GER CM02-C email"]
[Site "GER email"]
[Date "2015.06.25"]
[Round "?"]
[White "Rosen, Leif"]
[Black "Paulik, Vaclav"]
[Result "1/2-1/2"]
[WhiteElo "2370"]
[BlackElo "2372"]
[PlyCount "57"]
[EventDate "2015.??.??"]
[EventType "tourn (corr)"]
[EventRounds "11"]
[EventCountry "GER"]
[SourceTitle "Corr 2017"]
[Source "ChessBase"]
[SourceDate "2017.09.19"]
[SourceVersion "1"]
[SourceVersionDate "2017.09.19"]
[SourceQuality "1"]

1. d4 Nf6 2. c4 e6 3. Nf3 d5 4. Nc3 c6 5. Bg5 h6 6. Bh4 dxc4 7. e4 g5 8. Bg3 b5 9. Be2 b4 10. Na4 Nxe4 11. Be5 Nf6 12. Nc5 c3 13. bxc3 bxc3 14. 0-0 g4 15. Qb3 Bxc5 16. dxc5 Nbd7 17. Bxc3 gxf3 18. Bxf3 Rb8 19. Qa4 Bb7 20. Rfd1 Rg8 21. Rab1 Rg6 22. h4 Qc8 23. Bxf6 Rxf6 24. Rxd7 Qxd7 25. Rxb7 Qd8 26. Bxc6+ Kf8 27. Qc2 Rf4 28. g3 Rb4 29. Rxf7+ 1/2-1/2

[Event "GER CM02-C email"]
[Site "GER email"]
[Date "2015.06.25"]
[Round "?"]
[White "Rosen, Leif"]
[Black "Zielasko, Andreas"]
[Result "1/2-1/2"]
[WhiteElo "2370"]
[BlackElo "2330"]
[PlyCount "51"]
[EventDate "2015.??.??"]
[EventType "tourn (corr)"]
[EventRounds "11"]
[EventCountry "GER"]
[SourceTitle "Corr 2017"]
[Source "ChessBase"]
[SourceDate "2017.09.19"]
[SourceVersion "1"]
[SourceVersionDate "2017.09.19"]
[SourceQuality "1"]

1. d4 d5 2. c4 c6 3. Nf3 Nf6 4. Nc3 e6 5. Bg5 h6 6. Bh4 dxc4 7. e4 g5 8. Bg3 b5 9. Be2 Bb7 10. 0-0 Nbd7 11. Ne5 h5 12. Nxd7 Qxd7 13. Be5 Rh6 14. Qc1 Ng4 15. Bxg4 hxg4 16. Qxg5 Rg6 17. Qf4 Be7 18. Qg3 f6 19. Bf4 b4 20. Na4 0-0-0 21. a3 bxa3 22. Bb8 axb2 23. Nxb2 Bd6 24. Bxd6 Qxd6 25. Nxc4 Qxg3 26. hxg3 1/2-1/2